00415nam a2200145 i 450000100060000000300090000600500170001500700030003200800410003510000180007624500710009426000610016530000220022685200210024870880ES-MaACL20230906170943.0t|040803s1924 fr ||||1| fre d1 aGarriguet, L.10aManuel de sociologie et d'économie sociale / cpar L. Garriguet. aParís : bBloud, c1924 (eSaint Amand : fBussière) a662 p. ; c23 cm. aES-MaACLjF-3272